000 00855nam a2200265Ia 4500
003 OSt
005 20220925232514.0
006 a|||||r|||| 00| 0
007 ta
008 220923b |||||||| |||| 00| 0 eng d
020 _a9788179927335
_c250.75
037 _bBBS/205, 11/12/2007, Better Book Service
_cGeneral Book
040 _aRTL
_cRTL
_beng
041 _2eng
_aeng
082 _aX512.1.P, P7
100 _aDawson John
_957345
245 0 _aInternational retailing
_b Plans and strategies in Asia
260 _aMumbai
_bJaico Publishing House India
_c2007
300 _a207p
_ccm.
500 _aBibliography Chapterwise
650 _aCommerce
700 _a Lee Jung-Hee
_9297385
942 _hX512.1.P, P7
_cGB
_2CC
999 _c591517
_d591517